[Event "Echiquier Toulousain-Montpellier Echecs"]
[Site "?"]
[Date "2003.12.07"]
[Round "?"]
[White "Sakri, Abdelhak"]
[Black "Patrat, Joel"]
[Result "1-0"]
[WhiteElo "2016"]
[BlackElo "2017"]
[EventDate "2003.12.12"]
[PlyCount "45"]

1.d4 e6 2.Nf3 f5 3.g3 Nf6 4.Bg2 d5 5.O-O Bd6 6.Nbd2 O-O 7.c4 c6 8.b3 Nbd7 
9.Bb2 Qe8 10.Rc1 f4 11.Ne5 fxg3 12.fxg3 Nxe5 13.dxe5 Bc5+ 14.Kh1 Ng4 15.
cxd5 Qh5 16.Rxf8+ Bxf8 17.Qg1 cxd5 18.Bf3 Bb4 $4 
    ( 18...Bd7 $11 )
19.Nf1 Qg5 20.Qd4 h5 21.Qxb4 Nxe5 22.Rc7 Nf7 23.Qc3 1-0

[Event "Echiquier Toulousain-Montpellier Echecs"]
[Site "?"]
[Date "2003.12.07"]
[Round "?"]
[White "Robichon, F."]
[Black "Selcer, Ethan"]
[Result "1-0"]
[WhiteElo "1870"]
[BlackElo "1890"]
[EventDate "2003.12.12"]
[PlyCount "49"]

1.d4 d5 2.c4 c6 3.Nc3 Nf6 4.e3 e6 5.Nf3 Nbd7 6.Bd3 dxc4 7.Bxc4 b5 8.Bd3 
Bb7 9.O-O a6 10.e4 c5 11.d5 c4 12.Bc2 Qc7 13.Qe2 Nc5 $2 
    ( 13...Bc5 14.dxe6 fxe6 15.e5 Ng4 16.Ng5 Ndxe5 $16 )
    ( 13...Bd6 14.dxe6 fxe6 15.Nd4 Nc5 16.f4 e5 17.Nf5 O-O 18.Nxd6 Qxd6 
    19.fxe5 Qxe5 20.Bf4 Qe6 21.e5 Nd5 22.Nxd5 Bxd5 23.Bg3 Qc6 $11 24.Rxf8+
    {(Michenka-Borovikov)} 
        ( 24.Rfd1 {(Bercys-Shabalov)} )
    )
14.Bg5 Nfd7 15.Rad1 Bd6 16.Rfe1 f6 17.dxe6 Nxe6 18.Nd5 Qb8 19.Bh4 Ndc5 20.
e5 Bxd5 21.exd6 Qxd6 22.Bg3 Qd7 23.Nd4 Kf7 24.Nxe6 Qxe6 25.Qh5+ 1-0

[Event "Echiquier Toulousain-Montpellier Echecs"]
[Site "?"]
[Date "2003.12.07"]
[Round "?"]
[White "Renaux, Osmin"]
[Black "Daragon, Bruno"]
[Result "1-0"]
[WhiteElo "1870"]
[BlackElo "1770"]
[EventDate "2003.12.12"]
[PlyCount "81"]

1.d4 Nf6 2.c4 g6 3.Nc3 d6 4.e4 Bg7 5.f4 O-O 6.Nf3 c5 7.d5 a6 8.a4 e6 9.Be2
exd5 10.cxd5 Re8 11.Qc2 Nbd7 12.O-O Qe7 13.Nd2 Rb8 14.g4 h6 15.h4 Nh7 16.
g5 Bd4+ 17.Kh1 hxg5 18.hxg5 Kg7 19.Nf3 Rh8 20.Kg2 f6 21.Bd2 fxg5 22.fxg5 
Ne5 23.Qc1 Ng4 $2 
    ( 23...Bh3+ $3 24.Kg3 
        ( 24.Kxh3 $4 Qd7+ 25.Kg2 Qg4+ 26.Kh1 Nxf3 27.Bf4 Nhxg5+ 28.Bh2 
        Rxh2# )
    24...Bxf1 25.Bxf1 Rbf8 26.Nxd4 cxd4 27.Be2 dxc3 )
24.Rh1 b5 25.axb5 axb5 26.Nxd4 cxd4 27.Nxb5 Qxe4+ 28.Bf3 Qe7 29.Ra7 Bd7 $2
    ( 29...Rb7 $5 30.Rxb7 Bxb7 31.Nxd4 )
30.Bxg4 Qe4+ 31.Bf3 Qe7 32.Qc7 Rhd8 33.Re1 Qf8 34.Nxd6 Rxb2 35.Re2 Kg8 36.
Rf2 $6 
    ( 36.Bg4 $1 Rxd2 37.Be6+ Kh8 38.Rxd2 Nxg5 )
36...Rxd2 37.Rxd2 Nxg5 38.Rf2 Bh3+ 39.Kg3 Rxd6 40.Bg4 Ne4+ 41.Kxh3 1-0

[Event "Echiquier Toulousain-Montpellier Echecs"]
[Site "?"]
[Date "2003.12.07"]
[Round "?"]
[White "Fournier, Camille"]
[Black "Guennoun, Anthony"]
[Result "1/2-1/2"]
[WhiteElo "2084"]
[BlackElo "2114"]
[EventDate "2003.12.12"]
[PlyCount "77"]

1.e4 c5 2.Nf3 Nc6 3.Bb5 g6 4.O-O Bg7 5.Nc3 Nd4 6.Ba4 Nxf3+ 7.Qxf3 e6 8.Nb5
Qb6 9.d3 a6 10.Na3 Qc7 11.c3 b5 12.Bb3 Ne7 13.Bg5 Nc6 14.Bf6 O-O 15.Bxg7 
Kxg7 16.Qe3 Na5 17.Bc2 f6 18.f4 b4 19.Nc4 Nxc4 20.dxc4 Bb7 21.cxb4 cxb4 
22.b3 d5 23.exd5 exd5 24.Bd3 Rfe8 25.Qd4 dxc4 26.Bxc4 Rad8 27.Qf2 Qc6 28.
Rac1 Qd6 29.Rfe1 a5 30.Bb5 Rxe1+ 31.Rxe1 Bd5 32.Rd1 Qb8 33.Qe3 Bf7 34.Rxd8
Qxd8 35.Kf2 Qc7 36.Ba4 Qc2+ 37.Qe2 Qc5+ 38.Qe3 Qc2+ 39.Qe2 1/2-1/2

[Event "Echiquier Toulousain-Montpellier Echecs"]
[Site "?"]
[Date "2003.12.07"]
[Round "?"]
[White "Dezaele, Christophe"]
[Black "Canterini, Baptiste"]
[Result "0-1"]
[WhiteElo "2136"]
[BlackElo "1980"]
[EventDate "2003.12.12"]
[PlyCount "66"]

1.d4 d5 2.Nf3 Nf6 3.c4 c6 4.Nbd2 Bf5 5.g3 h6 6.Bg2 e6 7.O-O Be7 8.b3 O-O 
9.Bb2 Nbd7 10.Rc1 Qb6 11.Ne1 c5 12.Ndf3 dxc4 13.Rxc4 Qa5 14.dxc5 Nxc5 15.
Bxf6 gxf6 $6 
    ( 15...Bxf6 $5 )
16.b4 Qxa2 17.Rxc5 Bxc5 18.bxc5 Qb2 19.Nd3 $6 
    ( 19.Qd4 $5 Qxe2 20.Qxf6 $18 )
19...Bxd3 20.Qxd3 Rfd8 21.Qe3 Kg7 22.Qe4 f5 23.Qc4 a5 24.Qa4 Rdc8 25.Nd4 
Rxc5 26.Qd7 Qb6 27.Bxb7 $4 
    ( 27.e3 Rac8 28.Bf3 $14 )
27...Ra7 28.Rd1 Rxb7 29.Nxe6+ Kh7 30.Nf8+ Kg8 31.Qd8 Qxd8 32.Rxd8 Kg7 33.
Rd7 Rxd7 0-1

[Event "Echiquier Toulousain-Montpellier Echecs"]
[Site "?"]
[Date "2003.12.07"]
[Round "?"]
[White "Croze, Yoann"]
[Black "Lebon, Joffrey"]
[Result "1-0"]
[WhiteElo "1997"]
[BlackElo "2010"]
[EventDate "2003.12.12"]
[PlyCount "59"]

1.e4 e5 2.Nf3 Nc6 3.d4 exd4 4.Nxd4 Bc5 5.Be3 Qf6 6.c3 Nge7 7.Nc2 Bxe3 8.
Nxe3 d6 9.Bd3 O-O 10.O-O Ne5 11.Bc2 N7g6 12.f4 Nc6 13.Nd5 Qd8 14.f5 Nge7 
15.f6 Nxd5 16.exd5 Ne5 17.Qh5 Ng6 $6 
    ( 17...h6 $14 )
18.Nd2 Re8 $4 
    ( 18...Qd7 $16 )
19.Ne4 Re5 20.Ng5 h6 21.Qxg6 $1 fxg6 22.f7+ Kf8 23.Nh7+ Ke7 24.f8=Q+ Qxf8 
25.Rxf8 Rxd5 26.Re1+ Kd7 27.Bxg6 c6 28.Rf7+ Kd8 29.Rxg7 Re5 30.Rf1 1-0

[Event "Echiquier Toulousain-Montpellier Echecs"]
[Site "?"]
[Date "2003.12.07"]
[Round "?"]
[White "Andrianirainy, D."]
[Black "Touron, JF."]
[Result "1-0"]
[WhiteElo "1900"]
[BlackElo "1730"]
[EventDate "2003.12.12"]
[PlyCount "119"]

1.d4 d5 2.c4 c6 3.Nc3 Nf6 4.e3 e6 5.Nf3 Bb4 6.Bd2 O-O 7.a3 Bxc3 8.Bxc3 Ne4
9.Bd3 Nxc3 10.bxc3 Nd7 11.Qc2 Nf6 12.O-O b6 13.Ne5 c5 14.cxd5 exd5 15.Qa4 
Bd7 16.Nxd7 Qxd7 17.Qxd7 Nxd7 18.Rac1 c4 19.Bc2 Nf6 20.Rb1 Rfe8 21.Rfe1 
Re7 22.f3 Rae8 23.Kf2 Kf8 24.h3 g6 25.Re2 Nd7 26.g4 Kg7 27.Ba4 Rf8 28.Bxd7
$6 
    ( 28.Bc6 $5 Rc8 29.Bb7 Rc7 30.Bxd5 Nf6 31.e4 Nxd5 32.exd5 Rxe2+ 33.
    Kxe2 $16 )
28...Rxd7 29.e4 dxe4 30.fxe4 Re8 31.Rb4 Rc7 32.Kf3 Kf6 33.h4 h6 34.Rb5 
Rcc8 35.Ke3 g5 $6 
    ( 35...Ke7 $5 )
36.h5 Rcd8 37.Rf2+ Kg7 38.Rb4 Rc8 39.d5 Rc5 40.Kd4 f6 41.Re2 Rec8 42.a4 
Kf7 43.Rb1 Re8 44.Rf1 Ke7 45.e5 fxe5+ 46.Rxe5+ Kd8 47.Rxe8+ Kxe8 48.Rf6 
Ra5 49.Rxh6 Rxa4 50.Rg6 Ra1 51.Rxg5 a5 52.Kxc4 Kf7 53.Rg6 Rg1 54.Rxb6 
Rxg4+ 55.Kb5 a4 56.Ra6 Rh4 57.c4 Rxh5 58.Rxa4 Ke7 59.Ra7+ Kd8 60.Kc6 1-0

[Event "Ramonville-CEIToulouse"]
[Site "?"]
[Date "2003.12.07"]
[Round "9"]
[White "Rizzo, Carlo"]
[Black "Capone, Antonio"]
[Result "0-1"]
[WhiteElo "1590"]
[BlackElo "1699"]
[EventDate "2003.12.11"]
[PlyCount "84"]

1.c4 Nf6 2.g3 c5 3.Bg2 g6 4.Nf3 Bg7 5.Nc3 O-O 6.O-O d6 7.d4 Nbd7 8.e3 a6 
9.Nd2 Rb8 10.a4 b6 11.Rb1 Bb7 12.d5 Ne5 13.Qc2 Bc8 14.e4 Bd7 15.h3 b5 16.
axb5 axb5 17.b3 b4 18.Ne2 Be8 19.f4 Ned7 20.Bb2 Qc7 21.Nf3 Nb6 22.e5 Nfd7 
23.Qe4 f5 24.Qe3 Ra8 25.Ng5 dxe5 26.Ne6 Qd6 27.fxe5 Nxe5 28.Nxf8 Kxf8 29.
Nf4 Bf7 30.Rfe1 Nbd7 31.h4 Ra2 32.Re2 Rxb2 33.Rbxb2 Nxc4 34.bxc4 Bd4 35.
Ne6+ Bxe6 36.Qxd4 cxd4 37.Rxe6 Qxg3 38.Rxb4 f4 39.Rb2 Nc5 40.Ree2 Nd3 41.
Rb3 f3 42.Rf2 Qxf2+ 0-1

[Event "Ramonville-CEIToulouse"]
[Site "?"]
[Date "2003.12.07"]
[Round "8"]
[White "Brauckmann, Hartwich"]
[Black "Nicq-Beothy, Ambre"]
[Result "1-0"]
[WhiteElo "1820"]
[BlackElo "1540"]
[EventDate "2003.12.11"]
[PlyCount "75"]

1.Nc3 c6 2.Nf3 d5 3.e4 Bg4 4.h3 Bxf3 5.Qxf3 e6 6.d4 Bb4 7.exd5 cxd5 8.Bb5+
Nc6 9.O-O Nf6 10.Ne2 O-O 11.Bg5 Be7 12.c3 a6 13.Bd3 b5 14.a3 Na5 15.Nc1 
Nc4 16.b3 Nxa3 17.Bxf6 gxf6 18.b4 Nc4 19.Bxc4 bxc4 20.Ra5 Qd6 21.Ne2 Bd8 
22.Ra2 f5 23.Rfa1 Bc7 24.g3 Rfb8 25.Nf4 Qc6 26.Qe3 Rb7 27.Nh5 Bd8 28.Qe5 
f6 29.Nxf6+ Bxf6 30.Qxf6 Rba7 31.Ra5 Rb7 32.Rc5 Qd6 33.Raa5 Qd7 34.Kg2 Rb6
35.Qe5 Rb5 36.Rc7 Qxc7 37.Qxc7 Rxa5 38.bxa5 1-0

[Event "Ramonville-CEIToulouse"]
[Site "?"]
[Date "2003.12.07"]
[Round "7"]
[White "Xanthakis, Spyros"]
[Black "Bouhana, Paul-Alexandre"]
[Result "1-0"]
[WhiteElo "1620"]
[BlackElo "1990"]
[EventDate "2003.12.11"]
[PlyCount "87"]

1.e4 e5 2.Nc3 Nf6 3.Bc4 Nxe4 4.Qh5 Nd6 5.Bb3 c6 6.Ne4 Qc7 7.Nxd6+ Qxd6 8.
Qxf7+ Kd8 9.d3 Qf6 10.Qh5 Be7 11.Nf3 d6 12.Bg5 Qf5 13.O-O-O a5 14.a3 Na6 
15.Rhe1 Rf8 16.d4 e4 17.Bxe7+ Kxe7 18.Rxe4+ Qxe4 19.Re1 Qxe1+ 20.Nxe1 Kf6 
21.Qxh7 Bf5 22.Qh4+ g5 23.Qg3 d5 24.Nf3 Rg8 25.Qd6+ Be6 26.Qe5+ Ke7 27.
Nxg5 Rg6 28.Nxe6 Rxe6 29.Qg7+ Kd6 30.Qxb7 Nc7 31.Ba4 Ra6 32.Qb3 Na8 33.
Qg3+ Kd7 34.f4 Nb6 35.f5 Re7 36.f6 Rf7 37.Qg4+ Kd6 38.Qf4+ Kd7 39.Qf5+ Kd6
40.Bxc6 Raa7 41.Be8 Nc4 42.b3 Rae7 43.Qf4+ Ke6 44.Bxf7+ 1-0

[Event "Ramonville-CEIToulouse"]
[Site "?"]
[Date "2003.12.07"]
[Round "6"]
[White "Pantioukhine, Slava"]
[Black "Tromp, Hendrik-Jan"]
[Result "1-0"]
[WhiteElo "2020"]
[BlackElo "1920"]
[EventDate "2003.12.11"]
[PlyCount "79"]

1.h3 e5 2.Nf3 Nc6 3.d4 e4 4.d5 exf3 5.dxc6 fxg2 6.cxd7+ Qxd7 7.Qxd7+ Bxd7 
8.Bxg2 O-O-O 9.Be3 Kb8 10.Nd2 Ne7 11.O-O-O Nf5 12.Bf4 Bd6 13.Bxd6 Nxd6 14.
Nb3 Rde8 15.Nc5 Bc8 16.Rhe1 Re5 17.Nd3 Rh5 18.Rh1 Re8 19.e3 Ne4 20.Bxe4 
Rxe4 21.Nf4 Ra5 22.a3 g5 23.Ne2 Rh4 24.Rd8 c6 25.Rf8 Rf5 26.Rd1 Kc7 27.f4 
h6 28.Ng3 Rf6 29.Ne4 Rf5 30.Rxc8+ Kxc8 31.Nd6+ Kc7 32.Nxf5 Rxh3 33.fxg5 
hxg5 34.Rg1 f6 35.Kd2 Kd7 36.Kd3 Ke6 37.Nd4+ Ke5 38.Rf1 Rh6 39.Rf5+ Kd6 
40.Rxg5 1-0

[Event "Ramonville-CEIToulouse"]
[Site "?"]
[Date "2003.12.07"]
[Round "5"]
[White "Uzcudun, Mikeldi"]
[Black "Benmesbah, Natacha"]
[Result "0-1"]
[WhiteElo "1960"]
[BlackElo "2030"]
[EventDate "2003.12.11"]
[PlyCount "68"]

1.Nf3 Nf6 2.d4 g6 3.c4 Bg7 4.Nc3 O-O 5.e4 d6 6.Be2 e5 7.O-O Nc6 8.d5 Ne7 
9.Ne1 Nd7 10.Nd3 f5 11.Bd2 Nf6 12.f3 f4 13.c5 g5 14.cxd6 cxd6 15.Rc1 Ng6 
16.Nf2 Rf7 17.Nb5 Bf8 18.a4 h5 19.Rc2 a6 20.Na3 g4 21.Nc4 g3 22.Nd3 Nxd5 
23.Be1 b5 24.Ndxe5 dxe5 25.Nxe5 Nxe5 26.exd5 Qh4 27.h3 Bf5 28.axb5 Bxc2 
29.Qxc2 axb5 30.Bxb5 Qe7 31.Bc3 Qc5+ 32.Kh1 Qxb5 33.Re1 Qxd5 34.Bxe5 Qxe5 
0-1

[Event "Ramonville-CEIToulouse"]
[Site "?"]
[Date "2003.12.07"]
[Round "4"]
[White "Mohtaji, Javad"]
[Black "Guillory, Gabriel"]
[Result "1-0"]
[WhiteElo "2039"]
[BlackElo "1930"]
[EventDate "2003.12.11"]
[PlyCount "53"]

1.e4 c5 2.Nf3 Nc6 3.d4 cxd4 4.Nxd4 Nf6 5.Nc3 e5 6.Ndb5 d6 7.a4 a6 8.Na3 
Be7 9.Be3 Ng4 10.Nc4 Nxe3 11.Nxe3 Bg5 12.Ned5 O-O 13.Bc4 Kh8 14.h4 Be7 15.
Qd3 Bxh4 16.O-O-O b5 17.Ba2 Bxf2 18.Qe2 Bh4 19.Kb1 Bg5 20.Rdf1 Qa5 21.Qh5 
Bh6 22.Rxf7 Rxf7 23.Qxf7 Be6 24.Qxe6 Nd4 25.Qxd6 Bd2 26.Nf6 Bh6 27.Rxh6 
1-0

[Event "Ramonville-CEIToulouse"]
[Site "?"]
[Date "2003.12.07"]
[Round "3"]
[White "Grand, Philippe"]
[Black "Hutin, Christophe"]
[Result "0-1"]
[WhiteElo "1960"]
[BlackElo "2102"]
[EventDate "2003.12.11"]
[PlyCount "74"]

1.c4 e5 2.g3 Nf6 3.Bg2 c6 4.d4 Bb4+ 5.Bd2 Bxd2+ 6.Qxd2 d6 7.Nc3 O-O 8.e3 
Nbd7 9.Nge2 Re8 10.O-O Qe7 11.Rac1 Nf8 12.Rfd1 Ng6 13.d5 c5 14.a3 e4 15.
Qc2 Bg4 16.h3 Bf3 17.Re1 Ne5 18.Rcd1 Nxc4 19.Bxf3 exf3 20.Nc1 Qe5 21.e4 
Qh5 22.h4 Ne5 23.Nd3 Nxd3 24.Qxd3 Nd7 25.Qe3 a6 26.Nb1 Ne5 27.Nd2 b5 28.b3
Qg4 29.Rc1 h6 30.Rc3 b4 31.axb4 cxb4 32.Rc7 a5 33.Ra1 Rec8 34.Rac1 Rxc7 
35.Rxc7 a4 36.bxa4 Rxa4 37.Kh2 Ra1 0-1

[Event "Ramonville-CEIToulouse"]
[Site "?"]
[Date "2003.12.07"]
[Round "2"]
[White "Brethes, Francois"]
[Black "Faure, Nicolas"]
[Result "1/2-1/2"]
[WhiteElo "2101"]
[BlackElo "1996"]
[EventDate "2003.12.11"]
[PlyCount "81"]

1.d4 Nf6 2.Nf3 g6 3.Nc3 d5 4.Bf4 c6 5.e3 Nh5 6.Bg5 h6 7.Bh4 g5 8.Ne5 Nf6 
9.Bg3 Bf5 10.h4 Bg7 11.hxg5 hxg5 12.Rxh8+ Bxh8 13.Bd3 Bxd3 14.Qxd3 e6 15.
O-O-O Nbd7 16.Nf3 g4 17.Nh2 b5 18.Qe2 Qa5 19.Nxg4 b4 20.Nb1 Qxa2 21.Rh1 
Ke7 22.Nxf6 Bxf6 23.Qf3 c5 24.Rh7 Rh8 25.Rxh8 Bxh8 26.Bh4+ Bf6 27.Bxf6+ 
Nxf6 28.dxc5 Qc4 29.Nd2 Qxc5 30.Qf4 Qb5 31.Kd1 a5 32.Ke1 a4 33.Qd4 Qa5 34.
Ke2 a3 35.bxa3 bxa3 36.Nb3 Qb5+ 37.Kf3 Ne4 38.Qa7+ Kf6 39.Qxa3 Ng5+ 40.Kg3
Ne4+ 41.Kf3 1/2-1/2

[Event "Ramonville-CEIToulouse"]
[Site "?"]
[Date "2003.12.07"]
[Round "1"]
[White "Bedos, Michel"]
[Black "Nowocien, Anthony"]
[Result "1-0"]
[WhiteElo "2293"]
[BlackElo "2000"]
[EventDate "2003.12.11"]
[PlyCount "47"]

1.Nf3 f5 2.d3 d6 3.e4 e5 4.Nc3 Nc6 5.g3 Nf6 6.Bg2 Be7 7.Nh4 fxe4 8.dxe4 
O-O 9.Nf5 Be6 10.O-O Qd7 11.g4 g6 12.Nxe7+ Nxe7 13.h3 Kg7 14.f4 exf4 15.
Bxf4 Bc4 16.Rf2 Nc6 17.Qd2 Rf7 18.Bf1 Be6 19.Bb5 Re8 20.Raf1 Ng8 21.Nd5 a6
22.Qc3+ Kf8 23.Qh8 Bxd5 24.exd5 1-0

[Event "RI Moissac/Castel-Blaye"]
[Site "?"]
[Date "2003.12.07"]
[Round "3"]
[White "Lacroix, Romain"]
[Black "Olle, Jean-Pierre"]
[Result "1-0"]
[WhiteElo "2030"]
[BlackElo "1820"]
[EventDate "2003.12.11"]
[PlyCount "43"]

1.e4 e5 2.Nf3 Nc6 3.Bc4 Bc5 4.c3 Nf6 5.d3 d6 6.b4 Bb6 7.a4 a5 8.b5 Ne7 9.
Be3 
    ( 9.Qb3 O-O 10.Ng5 d5 )
9...Bxe3 10.fxe3 O-O 11.O-O Bg4 12.Qb3 
    ( 12.Nbd2 $1 d5 13.exd5 Nexd5 14.Qe1 Nxc3 15.Nxe5 $14 )
12...Bxf3 13.Rxf3 c6 14.d4 $5 d5 15.exd5 cxd5 16.Be2 exd4 17.exd4 Ne4 18.
Bd3 Nd6 $6 
    ( 18...f5 $13 )
19.Nd2 Rc8 20.Re1 Nc4 $2 
    ( 20...Re8 $14 )
21.Nxc4 dxc4 22.Bxc4 $18 1-0

[Event "RI Moissac/Castel-Blaye"]
[Site "?"]
[Date "2003.12.07"]
[Round "3"]
[White "Haddab, Roland"]
[Black "Valat, Jean-Marie"]
[Result "1-0"]
[WhiteElo "1560"]
[BlackElo "1560"]
[EventDate "2003.12.11"]
[PlyCount "73"]

1.e4 e5 2.Nf3 Nc6 3.Bc4 h6 4.d4 d6 5.dxe5 Be6 6.Bxe6 fxe6 7.exd6 Bxd6 8.
O-O Qe7 9.Nc3 O-O-O 10.Qe1 Qf6 11.Be3 Bb4 12.a3 Bxc3 13.bxc3 e5 14.Rb1 
Nge7 15.Nd2 g5 16.Qe2 b6 17.Qg4+ Kb7 18.Nb3 Ka8 19.a4 a5 20.Qe2 Nc8 21.
Qa6+ N8a7 22.Nc5 Rb8 23.Nd7 Qg6 24.Nxb8 Nxb8 25.Qd3 Kb7 26.c4 Nac6 27.c3 
Rd8 28.Qc2 Na6 29.c5 Ncb4 30.cxb4 Nxb4 31.Qc4 Qc6 32.Qb5 Qxe4 33.cxb6 c6 
34.Qxa5 Ra8 35.Qxb4 Rxa4 36.Qe7+ Ka6 37.Qa7# 1-0

[Event "Perpignan-Tournefeuille"]
[Site "?"]
[Date "2003.12.07"]
[Round "4"]
[White "Savy, Laurent"]
[Black "Casella, Laurent"]
[Result "1-0"]
[WhiteElo "2107"]
[BlackElo "2110"]
[EventDate "2003.12.07"]
[PlyCount "87"]

1.d4 Nf6 2.c4 g6 3.Nc3 Bg7 4.e4 d6 5.f3 O-O 6.Be3 e5 7.Nge2 Nc6 8.d5 Ne7 
9.Qd2 c6 10.O-O-O cxd5 11.cxd5 Bd7 12.Kb1 b5 13.Rc1 a5 14.g4 h5 15.gxh5 b4
16.Nd1 Nxh5 17.Ng3 Nf4 18.Bxf4 exf4 19.Qxf4 Qb6 20.Qd2 a4 21.h4 a3 22.b3 
Rac8 23.Bc4 Rc7 24.h5 Rfc8 25.hxg6 fxg6 26.Ne3 Bd4 27.Ngf1 Bb5 28.Qd3 Bg7 
29.Rc2 Bxc4 30.Nxc4 Qc5 31.Nfe3 Rf8 32.Ng4 Nc8 33.Nh6+ Bxh6 34.Rxh6 Qg1+ 
35.Rc1 Qg5 36.Rch1 Qf6 37.e5 Qf5 38.Rh8+ Kf7 39.Qxf5+ gxf5 40.R1h7+ Kg6 
41.Rh6+ Kg5 42.f4+ Kxf4 43.Rxf8 dxe5 44.Rhf6 1-0

[Event "Perpignan-Tournefeuille"]
[Site "?"]
[Date "2003.12.07"]
[Round "4"]
[White "Petyt, Marcel"]
[Black "Cwiek, Perrine"]
[Result "0-1"]
[WhiteElo "1570"]
[BlackElo "1660"]
[EventDate "2003.12.07"]
[PlyCount "56"]

1.e4 e5 2.Nf3 Nc6 3.Bc4 Be7 4.d4 d6 5.O-O Nf6 6.Nc3 O-O 7.d5 Nb8 8.Bg5 Bg4
9.a4 Nbd7 10.b4 a5 11.b5 Nc5 12.Bxf6 Bxf6 13.Ra3 Bh4 14.Be2 f5 15.h3 Bh5 
16.Nxh4 Bxe2 17.Qxe2 Qxh4 18.exf5 Rxf5 19.Re1 Raf8 20.Nd1 Qb4 21.Rg3 Nxa4 
22.c3 Qc5 23.Qg4 R8f7 24.Qxa4 Rxf2 25.Ne3 Qxc3 26.Rc1 Qxc1+ 27.Kh2 Re2 28.
Ng4 Re1 0-1

[Event "Perpignan-Tournefeuille"]
[Site "?"]
[Date "2003.12.07"]
[Round "4"]
[White "Josserand, Pascal"]
[Black "Raynouard, Jean-Yves"]
[Result "0-1"]
[WhiteElo "1880"]
[BlackElo "1620"]
[EventDate "2003.12.07"]
[PlyCount "68"]

1.e4 c5 2.c3 e6 3.d4 cxd4 4.cxd4 b6 5.Nc3 Bb7 6.d5 exd5 7.Nxd5 Nf6 8.f3 
Nxd5 9.exd5 Qh4+ 10.g3 Bb4+ 11.Kf2 Qe7 12.Be3 O-O 13.Qb3 Re8 14.Bc4 Na6 
15.Bd4 Rac8 16.a3 Bc5 17.Qd3 Qe5 18.Ne2 Qxe2+ 19.Qxe2 Bxd4+ 20.Kg2 Rxe2+ 
21.Bxe2 Bxb2 22.Rae1 Rc2 23.Kh3 g6 24.Bb5 Nc5 25.Re8+ Kg7 26.Rd1 a6 27.Bd3
Rc3 28.Be4 Bxa3 29.d6 Nxe4 30.fxe4 Re3 31.Re7 Bxe4 32.Kg4 Bf5+ 33.Kf4 Rxe7
34.dxe7 Bxe7 0-1

[Event "Perpignan-Tournefeuille"]
[Site "?"]
[Date "2003.12.07"]
[Round "4"]
[White "Guttridge, Valérie"]
[Black "Laurain, Dominique"]
[Result "0-1"]
[WhiteElo "1620"]
[BlackElo "2060"]
[EventDate "2003.12.07"]
[PlyCount "62"]

1.c4 e5 2.Nc3 Nc6 3.g3 f5 4.d3 Nf6 5.Bg2 Be7 6.Nf3 O-O 7.O-O h6 8.Nh4 d6 
9.f4 exf4 10.Ng6 fxg3 11.hxg3 Rf7 12.e4 fxe4 13.Nxe4 Ne5 14.Nxf6+ Rxf6 15.
Rxf6 Bxf6 16.Bd5+ Kh7 17.Nxe5 Bxe5 18.Qf3 c6 19.Be4+ Kg8 20.Bd2 Qf6 21.Qh5
Bd7 22.Rf1 Qe6 23.Bf5 Qe7 24.Be4 Rf8 25.Rxf8+ Qxf8 26.Be3 Bxb2 27.Qg6 Qf6 
28.Qh5 Bd4 29.Bxd4 Qxd4+ 30.Kg2 Qb2+ 31.Kf3 Qa1 0-1

[Event "Perpignan-Tournefeuille"]
[Site "?"]
[Date "2003.12.07"]
[Round "4"]
[White "Genestous, Patrick"]
[Black "Yrle, Michel"]
[Result "1-0"]
[WhiteElo "2119"]
[BlackElo "1830"]
[EventDate "2003.12.07"]
[PlyCount "95"]

1.d4 c5 2.d5 Nf6 3.Nf3 e6 4.Nc3 d6 5.dxe6 Bxe6 6.e4 a6 7.Ng5 b5 8.Nxe6 
fxe6 9.e5 dxe5 10.Qxd8+ Kxd8 11.Bg5 Kc7 12.g3 Nbd7 13.Bg2 Rd8 14.O-O h6 
15.Be3 Nb6 16.Bh3 Nbd5 17.Bxe6 Nxe3 18.fxe3 Bd6 19.Rf2 Rhe8 20.Bf5 Bf8 21.
Raf1 Be7 22.b3 Rf8 23.a4 b4 24.Nd1 Nd5 25.e4 Nb6 26.h4 Rd6 27.Ne3 g6 28.a5
Nd7 29.Bxd7 Rxf2 30.Rxf2 Kxd7 31.Nd5 Bd8 32.Rf7+ Kc6 33.Ra7 Kb5 34.Rb7+ 
Kxa5 35.Ne3 Rb6 36.Nc4+ Kb5 37.Nxb6 Bxb6 38.Kf1 Kc6 39.Rg7 g5 40.hxg5 hxg5
41.Rxg5 Bc7 42.Ke2 a5 43.g4 Kb5 44.Rg7 Bd8 45.g5 c4 46.g6 a4 47.bxa4+ Kxa4
48.Ra7+ 1-0

[Event "Perpignan-Tournefeuille"]
[Site "?"]
[Date "2003.12.07"]
[Round "4"]
[White "Garrel, Alain"]
[Black "Ricart, Hubert"]
[Result "1/2-1/2"]
[WhiteElo "2152"]
[BlackElo "2087"]
[EventDate "2003.12.07"]
[PlyCount "55"]

1.d4 d5 2.Nf3 Nf6 3.c4 e6 4.g3 Be7 5.Bg2 O-O 6.O-O Nbd7 7.Qc2 b6 8.b3 Bb7 
9.Nc3 Rc8 10.cxd5 Nxd5 11.Nxd5 exd5 12.Bb2 c5 13.Rac1 Bf6 14.Qb1 Re8 15.e3
g6 16.Bh3 Rc7 17.Bxd7 Qxd7 18.dxc5 Bxb2 19.Qxb2 bxc5 20.Ne1 Ba6 21.Ng2 
Bxf1 22.Kxf1 Qb5+ 23.Kg1 Rec8 24.Nf4 c4 25.Qe5 Rc5 26.Ne6 fxe6 27.Qxe6+ 
Kg7 28.Qe7+ 1/2-1/2

[Event "Perpignan-Tournefeuille"]
[Site "?"]
[Date "2003.12.07"]
[Round "4"]
[White "Camacho, Juan-Carlos"]
[Black "Lemeaux, David"]
[Result "0-1"]
[WhiteElo "2160"]
[BlackElo "2169"]
[EventDate "2003.12.07"]
[PlyCount "84"]

1.e4 c5 2.Nc3 Nc6 3.d3 g6 4.g3 Bg7 5.Bg2 d6 6.Be3 e6 7.Qd2 Rb8 8.Nge2 Qa5 
9.O-O Nd4 10.f4 Ne7 11.f5 exf5 12.Bf4 Be5 13.Bxe5 dxe5 14.Qh6 Rf8 15.Qg7 
Qc7 16.Nxd4 cxd4 17.Nd5 Nxd5 18.exd5 Qd6 19.Rae1 f6 20.Qxh7 g5 21.Rf2 Bd7 
22.c4 Rf7 23.Qh5 Ke7 24.Rc2 b6 25.b3 Rg8 26.Qe2 Rh8 27.Qd2 a5 28.c5 bxc5 
29.Qxa5 Rfh7 30.Rxc5 Ra8 31.Qxa8 Qxc5 32.Qa6 Qc3 33.Rf1 Qd2 34.Qa3+ Kf7 
35.Qd6 Kg6 36.Qa6 g4 37.a4 Qh6 38.h4 gxh3 39.Be4 Qe3+ 40.Kh1 Qe2 41.Rxf5 
Bxf5 42.Bxf5+ Kg5 0-1

[Event "Perpignan-Tournefeuille"]
[Site "?"]
[Date "2003.12.07"]
[Round "4"]
[White "Anton, Gregory"]
[Black "Daloz, Jean-Michel"]
[Result "0-1"]
[WhiteElo "2007"]
[BlackElo "2171"]
[EventDate "2003.12.07"]
[PlyCount "84"]

1.d4 Nf6 2.Nc3 d5 3.Bg5 Nbd7 4.Nf3 Ne4 5.Bh4 c6 6.Nxe4 dxe4 7.Nd2 f5 8.e3 
g6 9.Bc4 Nb6 10.Be2 c5 11.c3 cxd4 12.cxd4 Be6 13.O-O Bg7 14.Nb3 O-O 15.Bg3
g5 16.f3 exf3 17.Bxf3 Nc4 18.Qe2 Bd5 19.Bxd5+ Qxd5 20.Rad1 Rac8 21.Na1 Qe4
22.Rfe1 Rc6 23.b3 Na3 24.Qf3 Qxf3 25.gxf3 Rd8 26.Be5 Kf7 27.f4 g4 28.b4 e6
29.Re2 Bf8 30.b5 Nxb5 31.Rb2 Rb6 32.a4 Nxd4 33.Rxb6 Nf3+ 34.Kf2 Rxd1 35.
Rxb7+ Be7 36.Nc2 Rd2+ 37.Kf1 Nxh2+ 38.Kg1 Nf3+ 39.Kf1 Rxc2 40.Bd6 Nh2+ 41.
Kg1 Nf3+ 42.Kf1 g3 0-1

[Event "Perpignan-Tournefeuille"]
[Site "?"]
[Date "2003.12.07"]
[Round "4"]
[White "Aguirre, Simon"]
[Black "Negre, Albert"]
[Result "1/2-1/2"]
[WhiteElo "2198"]
[BlackElo "2127"]
[EventDate "2003.12.07"]
[PlyCount "96"]

1.Nf3 Nf6 2.c4 g6 3.Nc3 c5 4.e4 d6 5.d4 cxd4 6.Nxd4 Nc6 7.Be2 Bg7 8.Be3 
O-O 9.f3 Bd7 10.Qd2 Nxd4 11.Bxd4 a5 12.b3 Bc6 13.O-O Nd7 14.Be3 Nc5 15.
Rab1 Qb6 16.Rfe1 Rfc8 17.Nd5 Bxd5 18.exd5 Qb4 19.Qc1 Qc3 20.Bf1 Qxc1 21.
Rexc1 Rc7 22.g3 Bf6 23.Rc2 Kg7 24.Bh3 h6 25.a3 Nd7 26.Bxd7 Rxd7 27.a4 Ra6 
28.Kf2 e6 29.Rd1 g5 30.g4 Kg6 31.Ke2 Be5 32.h3 Kf6 33.h4 Kg6 34.hxg5 hxg5 
35.Rcc1 Re7 36.Kd3 Re8 37.Rh1 Rh8 38.Rxh8 Bxh8 39.Rh1 Bf6 40.Ke4 Be5 41.
dxe6 fxe6 42.c5 Bf6 43.cxd6 Rxd6 44.Rc1 Rd5 45.Rc5 Rxc5 46.Bxc5 Bc3 47.Kd3
Be1 48.Be7 Bf2 1/2-1/2

[Event "Divsion IV"]
[Site "Lardenne"]
[Date "2003.12.07"]
[Round "3.1"]
[White "Cwiek, Loïc"]
[Black "Nivat, Alain"]
[Result "1-0"]
[WhiteElo "2046"]
[BlackElo "2070"]
[EventDate "2003.12.07"]
[Annotator "CWIEK,loïc"]
[PlyCount "49"]
[TimeControl "240+2"]

{48MB, Fritz8.ctg, X9U7J5} 
1.Nf3 Nf6 2.c4 e6 3.d4 b6 4.a3 Bb7 5.Nc3 Be7 6.Bf4 O-O 7.h3 d5 8.e3 Ne4 9.
Be2 Bd6 10.Bxd6 Qxd6 11.Rc1 Nxc3 12.Rxc3 Nd7 13.Qc2 Nf6 14.c5 Qe7 $4 
    ( 14...bxc5 15.Rxc5 $14 )
15.cxb6 cxb6 16.Rc7 Rfc8 17.Rxe7 Rxc2 18.Rxb7 Ne4 $2 19.Ne5 Rc1+ 20.Bd1 
Rxd1+ 21.Kxd1 Nxf2+ 22.Ke2 Nxh1 23.Kf3 f6 24.Nc6 $1 Rc8 $4 25.Ne7+ 1-0

[Event "D4-R3-Colomiers-Auch"]
[Site "Colomiers"]
[Date "2003.12.07"]
[Round "3.8"]
[White "Bougoin, Blaise"]
[Black "Amblard, Philippe"]
[Result "1/2-1/2"]
[WhiteElo "1530"]
[BlackElo "1499"]
[EventDate "2003.12.07"]
[PlyCount "70"]

1.e4 e6 2.Nf3 d5 3.e5 c5 4.d4 Nc6 5.Bb5 Bd7 6.Bxc6 Bxc6 7.O-O Qb6 8.c3 Ne7
9.Qb3 Qxb3 10.axb3 Nf5 11.Bf4 cxd4 12.Nxd4 Nxd4 13.cxd4 Bb4 14.Na3 O-O 15.
Nc2 Be7 16.Rfc1 Rfc8 17.Ne1 Rc7 18.Nd3 b6 19.Bd2 Rac8 20.Nb4 Bb5 21.Na2 
Rxc1+ 22.Rxc1 Rxc1+ 23.Nxc1 a5 24.f4 f6 25.Kf2 Kf7 26.g3 f5 27.Ke3 g6 28.
Ne2 Bxe2 29.Kxe2 Ke8 30.Kd3 Kd7 31.h3 h5 32.Kc2 Kc6 33.Bc3 Kb5 34.Kd3 Bb4 
35.h4 Be7 1/2-1/2